000
00293nam a2200121Ia 4500
005
20251222144838.0
008
251222s9999||||xx |||||||||||||| ||spa||
020
_a
950-090406-3
082
_a
922.22/T41
100
_a
"Teresa de Jesys, Santa"
245
0
_a
Se trata de amar mucho
942
_c
LIB
999
_c
21134
_d
21134